000 00720nam a22001937a 4500
003 DO-SdBNP
005 20240305122325.0
008 210901b 2014 dr a 00| 0 eng d
040 _aDO-SdBNP
_bspa
_cBNPHU
100 1 _aTorres Ulloa, Alfonso
_958620
245 1 0 _aDuarte “sin pan, tal vez, ni” /
_cJosé Alfonso Torres Ulloa.
260 _aSanto Domingo :
_bEdiciones Juventud Caribe,
_c2014.
300 _a104 p.
_bil. ;
_c21 cm.
500 _aIncluye datos biográficos del autor en la contracubierta.
500 _aIncluye referencias bibliográficas y notas al pie de las páginas.
590 _aInventariado, 2021 /LP
590 _aLa biblioteca posee 1 ejemplar autografiado por el autor
942 _2ddc
_cLBS1
999 _c50362
_d50362